| 000 | nam a22 7a 4500 | ||
|---|---|---|---|
| 999 |
_c329515 _d329515 |
||
| 003 | NUST | ||
| 005 | 20170511130756.0 | ||
| 008 | 170511b xxu||||| |||| 00| 0 eng d | ||
| 020 | _a9789350142783 | ||
| 040 | _c0 | ||
| 082 | _a540 RAT | ||
| 100 |
_aRattan,Dr.Sunita _9464 |
||
| 245 |
_aA Textbook Of Engineering Chemistry _cDr.Sunita Rattan |
||
| 260 |
_aNew Delhi _bS.K.Kataria % Sons _c2012 |
||
| 300 | _a1208p | ||
| 500 | _aP.B | ||
| 942 |
_2ddc _cBK _k540 RAT |
||